Normal view
MARC view
Entry Topical Term
001 - CONTROL NUMBER
- control field: 26871
003 - CONTROL NUMBER IDENTIFIER
- control field: OSt
005 - DATE AND TIME OF LATEST TRANSACTION
- control field: 20210816151054.0
008 - FIXED-LENGTH DATA ELEMENTS
- fixed length control field: 210816|| aca||aabn | a|a d
040 ## - CATALOGING SOURCE
- Original cataloging agency: OSt
- Transcribing agency: OSt
150 ## - HEADING--TOPICAL TERM
- Topical term or geographic name entry element: Arm’s length bodies, Semi-autonomous agencies, Municipally owned corporation, Outsourcing, Public service delivery
670 ## - SOURCE DATA FOUND
- Source citation: Work cat.: (OSt): Genugten, M.V. Thiel, S.V. and Voorn, B. 26870, Local governments and their arm’s length bodies
